The noble scholar, jurist, historian


 His Excellency Dr. Abdul Wahhab bin Ibrahim Abu Sulaiman, may Allah have mercy on him.


 He was born in Umm Al-Qura in the year 1356 AH.

العرب : (Record no. 7888)

MARC details
000 -LEADER
fixed length control field 02189cam a22002891i 4500
003 - CONTROL NUMBER IDENTIFIER
control field SA-RiAUC
005 - DATE AND TIME OF LATEST TRANSACTION
control field 20250513091811.0
008 - FIXED-LENGTH DATA ELEMENTS--GENERAL INFORMATION
fixed length control field 250512s1991 le b g 000 0 ara c
040 ## - CATALOGING SOURCE
Original cataloging agency SA-JeALM
Language of cataloging ara
Transcribing agency SA-RiAUC
Modifying agency KAC
Description conventions rda
043 ## - GEOGRAPHIC AREA CODE
Geographic area code ma-----
082 04 - DEWEY DECIMAL CLASSIFICATION NUMBER
Classification number 953
Assigning agency SA-RiAUC
090 ## - LOCALLY ASSIGNED LC-TYPE CALL NUMBER (OCLC); LOCAL CALL NUMBER (RLIN)
Classification number (OCLC) (R) ; Classification number, CALL (RLIN) (NR) 953 ح ت ي
Local cutter number (OCLC) ; Book number/undivided call number, CALL (RLIN) ح ت ي
100 1# - MAIN ENTRY--PERSONAL NAME
Personal name حتي، فيليب،
Dates associated with a name 1886-1978
Relator term مؤلف.
245 12 - TITLE STATEMENT
Title العرب :
Remainder of title تاريخ موجز /
Statement of responsibility, etc. تأليف الدكتور فيليب حتي.
250 ## - EDITION STATEMENT
Edition statement الطبعة السادسة.
Remainder of edition statement اعادة طبع
264 #1 - PRODUCTION, PUBLICATION, DISTRIBUTION, MANUFACTURE, AND COPYRIGHT NOTICE
Place of production, publication, distribution, manufacture بيروت :
Name of producer, publisher, distributor, manufacturer دار العلم للملايين،
Date of production, publication, distribution, manufacture, or copyright notice 1991
300 ## - PHYSICAL DESCRIPTION
Extent 296 صفحة :
Other physical details خرائط ؛
Dimensions 22 سم
336 ## - CONTENT TYPE
Content type term نص
Content type code txt
Source rdacontent
Materials specified كتاب
337 ## - MEDIA TYPE
Media type term بدون وسيط
Media type code n
Source rdamedia
338 ## - CARRIER TYPE
Carrier type term مجلد
Carrier type code nc
Source rdacarrier
520 ## - SUMMARY, ETC.
Summary, etc. يقدم في هذا الكتاب تاريخا للعرب موجزا وقد لاقى هذا الكتاب من النجاح ما لم یلاقیه کتاب آخر من نوعه حيث تناول المؤلف هذا التاريخ ابتداء من قبل فجر الإسلام ثم تحدث عن محمد صلى الله عليه وسلم ورسالته السماوية وتبعها بالحديث عن سير الإسلام والخلافة وفتح الأندلس، وبدء الحياة الثقافية والاجتماعية، ومن ثم تحدث عن بغداد في أوج مجدها يحدها ومناحي الحياة العامة وانتقل بعدها للحديث عن العلوم والآداب والفنون الجميلة، وتحدث أيضا عن قرطبة جوهرة العالم، ومن ثم تكلم عن فضل العرب على المدنية الغربية، وتناول بعدها أفول نجم العروبة في الشرق والغرب والحروب الصليبية ودولة المماليك واختتم كل ذلك بالحديث عن العصور المظلمة وفجر النهضة الحديثة.
650 #7 - SUBJECT ADDED ENTRY--TOPICAL TERM
Topical term or geographic name entry element العرب
General subdivision تاريخ
Source of heading or term aucsh
650 #7 - SUBJECT ADDED ENTRY--TOPICAL TERM
Topical term or geographic name entry element التاريخ الإسلامي
Source of heading or term aucsh
651 #7 - SUBJECT ADDED ENTRY--GEOGRAPHIC NAME
Geographic name البلاد العربية
General subdivision تاريخ
Source of heading or term aucsh
942 ## - ADDED ENTRY ELEMENTS (KOHA)
Source of classification or shelving scheme Dewey Decimal Classification
Koha item type Books
Suppress in OPAC No
949 ## - LOCAL PROCESSING INFORMATION (OCLC)
a SA-JeALM
d 250512
u osman123
n 1
Holdings
Withdrawn status Lost status Source of classification or shelving scheme Damaged status Not for loan Home library Current library Date acquired Total checkouts Full call number Barcode Date last seen Price effective from Koha item type
    Dewey Decimal Classification     DR AbdElwahab Library DR AbdElwahab Library 05/13/2025   953 ح ت ي 000012971 05/13/2025 05/13/2025 Books